Nghe 2/『聴解タスク25 II』 『みんなの日本語 初級I 』 Nghe 2

Sparad:
Bibliografiska uppgifter
Materialtyp: Bok
Språk:Japanese
Ämnen:
Taggar: Lägg till en tagg
Inga taggar, Lägg till första taggen!
Thư viện lưu trữ: Mạng thư viện Đại học Đà Nẵng
LEADER 01023nam a22003011a 4500
001 000036288
003 12583
005 20160330000000.0
008 160330s0 000 jpn
041 |a jpn 
082 |a 495.683  |b KH-N  |2 Nghe 2 
245 |a Nghe 2/『聴解タスク25 II』 『みんなの日本語 初級I 』  |c Khoa N-H-T  |n Nghe 2 
300 |a 72tr . : mh ; 30cm 
650 |a Nghe 2,『聴解タスク25 II』, 4170053 
852 |b Chuyên đề  |c Giáo trình 
OWN |a LNN 
AVA |a UDN50  |b LNN  |d 495.683 KH-N  |e available  |t Error 5001 Not defined in file expand_doc_bib_avail.  |f 1  |g 0  |h N  |i 0  |k 1 
999 |a From the UDN01 
AVA |a UDN50  |b LNN  |d 495.683 KH-N  |e available  |t Error 5001 Not defined in file expand_doc_bib_avail.  |f 1  |g 0  |h N  |i 0  |k 1 
TYP |a Monograph 
TYP |a Printed language 
980 |a Mạng thư viện Đại học Đà Nẵng